000 00459 a2200169 4500
010 _a 00108358
020 _a978-0789724311
040 _aDLC
_bDLC
082 0 0 _a005.7/2
100 1 _aHolzschlag, Molly E.
245 1 0 _aUsing XHTML
_cMolly E. Holzschlag.
250 _aSpecial ed.
260 _aIndianapolis, Ind. :
_bQue,
_cc2001.
300 _axiv, 958 p. :
_bill. ;
_c23 cm.
650 0 _aXHTML (Document markup language)
942 _cBK
_k005.72 HOL
_2ddc
999 _c6448
_d6448